000 00772nam a2200241Ia 4500
003 OSt
005 20220925235351.0
006 a|||||r|||| 00| 0
007 ta
008 220923b |||||||| |||| 00| 0 eng d
020 _a8190209469
_c20
037 _b880, 12/03/2013, Pranami Book Service
_cGeneral Book
040 _aRTL
_cRTL
_beng
041 _2eng
_aeng
082 _aY73(Q), N8
100 _aTHAPAR Romila
245 0 _aImagined religious communities?
_b Ancient history and the modern search for a Hindu identity.
260 _a New Delhi
_bCritical Quest
_c1998
300 _a32p.
_ccm.
650 _aSociology
942 _hY73(Q), N8
_cGB
_2CC
999 _c597240
_d597240